Digital Marketing (Record no. 365425)
[ view plain ]
| 000 -LEADER | |
|---|---|
| fixed length control field | 00213 a2200097 4500 |
| 020 ## - INTERNATIONAL STANDARD BOOK NUMBER | |
| International Standard Book Number | 9789355511522 |
| 100 ## - MAIN ENTRY--PERSONAL NAME | |
| Personal name | Gupta R. |
| 9 (RLIN) | 108128 |
| 245 ## - TITLE STATEMENT | |
| Title | Digital Marketing |
| 250 ## - EDITION STATEMENT | |
| Edition statement | 2nd |
| 260 ## - PUBLICATION, DISTRIBUTION, ETC. (IMPRINT) | |
| Name of publisher, distributor, etc. | BPB Publications |
| Date of publication, distribution, etc. | 2023 |
| Withdrawn status | Lost status | Source of classification or shelving scheme | Damaged status | Not for loan | Home library | Current library | Date acquired | Vendor | Cost, normal purchase price | Total Checkouts | Full call number | Barcode | Date last seen | Date last checked out | Cost, replacement price | Bill Date | Koha item type |
|---|---|---|---|---|---|---|---|---|---|---|---|---|---|---|---|---|---|
| Dewey Decimal Classification | Cummins College of Engineering for Women Pune | Cummins College of Engineering for Women Pune | 13/03/2025 | 115 | 524.25 | 3 | 005.678 GUP | CCEP-BK-68658 | 11/12/2025 | 09/12/2025 | 699.00 | 13/03/2025 | Books |